[Event "Eesti mv 2003"]
[Site "MyTown"]
[Date "2003.05.17"]
[Round "1.1"]
[White "Sepp, Olav"]
[Black "Tihhontshuk, Aleksei"]
[Result "1-0"]
[WhiteElo "2456"]
[BlackElo "1872"]
[PlyCount "53"]
[EventDate "2003.05.18"]

1. e4 e5 2. Nf3 Nc6 3. d4 exd4 4. Nxd4 Nf6 5. Nxc6 bxc6 6. e5 Ne4 7. Nd2 Nxd2
8. Bxd2 Bc5 9. Bd3 d5 10. O-O Qh4 11. c3 Bb7 12. g3 Qh3 13. Qf3 Bc8 14. Be3 Bg4
15. Qf4 Be7 16. f3 Bd7 17. Rfe1 h5 18. Bf2 g5 19. Qd4 Rg8 20. Re3 Qe6 21. b4
Kf8 22. Bc2 f5 23. exf6 Bxf6 24. Qd3 Qf7 25. Rae1 Qg7 26. R3e2 a5 27. Bc5+ 1-0

7 26. R3e2 a5 27. Bc5+ 1-0

[Event "Eesti mv 2003"]
[Site "?"]
[Date "2003.05.17"]
[Round "1.1"]
[White "Seeman, Tarvo"]
[Black "Vassiljev, Sergei"]
[Result "1/2-1/2"]
[WhiteElo "2450"]
[BlackElo "2010"]
[PlyCount "80"]

1. Nf3 d5 2. g3 Nf6 3. Bg2 g6 4. O-O Bg7 5. d3 O-O 6. Nbd2 Nc6 7. e4 Bg4 8. h3
Bxf3 9. Qxf3 Nd4 10. Qd1 dxe4 11. dxe4 e5 12. Nc4 Nd7 13. c3 Ne6 14. a4 Qe7 15.
Be3 b6 16. Qc2 Rfd8 17. Rfd1 Ndf8 18. Bf1 Rxd1 19. Rxd1 Rd8 20. b4 Rxd1 21.
Qxd1 Qd7 22. Be2 Qxd1+ 23. Bxd1 h6 24. h4 Nd7 25. Bb3 Kf8 26. Na3 Ke7 27. Nb5
a6 28. Bxe6 axb5 29. Bxd7 Kxd7 30. axb5 h5 31. Kf1 f5 32. c4 fxe4 33. c5 Bf8
34. Ke2 Ke6 35. cxb6 cxb6 36. Bxb6 Bxb4 37. Be3 Kd5 38. b6 Kc6 39. f3 Ba5 40.
fxe4 Bxb6 1/2-1/2

[Event "Eesti mv 2003"]
[Site "?"]
[Date "2003.05.17"]
[Round "1.1"]
[White "Kleemeier, Enn"]
[Black "Shevtshenko, Robert"]
[Result "0-1"]
[WhiteElo "2042"]
[BlackElo "2396"]
[PlyCount "94"]

1. d4 Nf6 2. Nf3 g6 3. Bf4 Bg7 4. c3 O-O 5. Nbd2 d6 6. h3 c5 7. e3 Nc6 8. Bd3
e5 9. Bg5 exd4 10. cxd4 h6 11. Bh4 cxd4 12. e4 Ne5 13. Bb1 Qb6 14. b3 Bd7 15.
O-O Bb5 16. Re1 a5 17. a4 Ba6 18. Nxe5 dxe5 19. Nc4 Bxc4 20. bxc4 Nd7 21. Bc2
Rfc8 22. Rb1 Qc6 23. Qf3 Bf8 24. Rb5 Bb4 25. Rb1 Rc7 26. Bb3 Nc5 27. Rxc5 Bxc5
28. Qd3 Rf8 29. g4 f5 30. Re1 g5 31. Bg3 f4 32. Bh2 Qb6 33. Rb1 Qb4 34. Kf1 Qc3
35. Bc2 Bb4 36. f3 Rfc8 37. Ke2 Rxc4 38. Bb3 Kf8 39. Bxc4 Rxc4 40. Bg1 Qxd3+
41. Kxd3 Rc3+ 42. Ke2 Ke7 43. Ra1 Kd6 44. Ra2 Kc5 45. Bf2 Kc4 46. Rb2 Ra3 47.
Rc2+ Bc3 0-1

[Event "Eesti mv 2003"]
[Site "?"]
[Date "2003.05.17"]
[Round "1.1"]
[White "Zjukin, Sergei"]
[Black "Mirme, Heino"]
[Result "1-0"]
[WhiteElo "2385"]
[BlackElo "2067"]
[PlyCount "41"]

1. e4 c6 2. d4 d5 3. Nd2 dxe4 4. Nxe4 Nf6 5. Nxf6+ gxf6 6. c3 Bf5 7. Nf3 Rg8 8.
g3 e6 9. Bg2 Bd6 10. Qe2 Qb6 11. O-O Qa6 12. c4 Nd7 13. Bd2 O-O-O 14. a4 Nb6
15. Rfc1 Nd5 16. Nh4 Bg4 17. Qe1 Ne7 18. c5 Bc7 19. Bf1 b5 20. axb5 Qb7 21. b6 1-0

[Event "Eesti mv 2003"]
[Site "?"]
[Date "2003.05.17"]
[Round "1.1"]
[White "Koskre, Raivo"]
[Black "Lauk, Ülar"]
[Result "0-1"]
[WhiteElo "2085"]
[BlackElo "2370"]
[PlyCount "106"]

1. f4 Nf6 2. Nf3 g6 3. d3 d5 4. Nbd2 Bg7 5. Ne5 O-O 6. e3 c5 7. Be2 Nfd7 8. d4
Nc6 9. c3 Ndxe5 10. dxe5 f6 11. exf6 Bxf6 12. O-O e5 13. e4 Be6 14. f5 gxf5 15.
exd5 Qxd5 16. Bc4 Qd7 17. Rxf5 Bxc4 18. Qg4+ Kh8 19. Nxc4 Ne7 20. Rf4 Qd3 21.
Qf3 Qxf3 22. Rxf3 e4 23. Rf1 Nd5 24. Bh6 Bg7 25. Rxf8+ Rxf8 26. Bxg7+ Kxg7 27.
Re1 Nf6 28. Re2 Rd8 29. h3 b5 30. Ne3 Kg6 31. Kf2 h5 32. g4 Rd3 33. Ng2 Kg5 34.
gxh5 Rxh3 35. Ne3 Kf4 36. Ng2+ Ke5 37. Ke1 Nd5 38. Kd2 Rxh5 39. Ne1 e3+ 40. Kc2
Ke4 41. Rg2 Nf4 42. Rg8 Rh2+ 43. Kc1 Nd3+ 44. Nxd3 Kxd3 45. Rd8+ Ke4 46. Re8+
Kf3 47. Rf8+ Ke2 48. Re8 Rh3 49. Rg8 c4 50. a4 Kf2 51. Rf8+ Rf3 52. Rh8 e2 53.
Rh2+ Ke3 0-1

[Event "Eesti mv 2003"]
[Site "?"]
[Date "2003.05.17"]
[Round "1.1"]
[White "Shishkov, Andrei"]
[Black "Vovk, Ilja"]
[Result "1-0"]
[WhiteElo "2369"]
[BlackElo "2105"]
[PlyCount "67"]

1. d4 Nf6 2. c4 g6 3. Nc3 Bg7 4. e4 d6 5. f3 O-O 6. Be3 c5 7. Nge2 cxd4 8. Nxd4
Nc6 9. Be2 Bd7 10. O-O Nh5 11. Qd2 Rc8 12. Nxc6 bxc6 13. c5 Be6 14. Rad1 d5 15.
exd5 Bxd5 16. Nxd5 cxd5 17. b4 Qc7 18. Qxd5 Be5 19. f4 Nxf4 20. Bxf4 Bxf4 21.
g3 Be5 22. Qd7 Qb8 23. Qxe7 Bxg3 24. Bc4 Bxh2+ 25. Kh1 Rc7 26. Bxf7+ Kg7 27.
Qf6+ Kh6 28. Rd4 Bg3 29. Rff4 Rxc5 30. bxc5 Qb7+ 31. c6 Qb1+ 32. Kg2 Qc2+ 33.
Kxg3 Qc3+ 34. Kg2 1-0

[Event "Eesti mv 2003"]
[Site "?"]
[Date "2003.05.17"]
[Round "1.1"]
[White "Siil, Marko"]
[Black "Danilov, Nikolai"]
[Result "1-0"]
[WhiteElo "2108"]
[BlackElo "2344"]
[PlyCount "109"]

1. d4 d5 2. Nc3 f5 3. f3 Nf6 4. Bg5 Nbd7 5. Qd3 e6 6. e4 fxe4 7. fxe4 dxe4 8.
Nxe4 Be7 9. O-O-O O-O 10. Nf3 Nxe4 11. Bxe7 Qxe7 12. Qxe4 Nf6 13. Qh4 c5 14.
Bd3 Qc7 15. dxc5 Qxc5 16. Rhe1 h6 17. Ne5 a5 18. g4 Qb4 19. c4 b5 20. g5 bxc4
21. Nxc4 hxg5 22. Qxg5 Ba6 23. Rg1 Ra7 24. Qe3 Re7 25. a3 Qb7 26. Nd6 Qc7+ 27.
Kb1 Bxd3+ 28. Rxd3 Ne8 29. Nxe8 Rexe8 30. h4 Rf5 31. Qd4 Rd5 32. Qa4 Re7 33.
Rdg3 Qe5 34. Rg5 Qd6 35. Qc2 Rc7 36. Rxd5 exd5 37. Qa4 Ra7 38. Qd4 Re7 39. Rg5
Rd7 40. h5 Qe6 41. Re5 Qf7 42. Qd3 d4 43. Rxa5 Rd8 44. Ra4 Qf6 45. h6 gxh6 46.
Ra6 Rd6 47. Qg3+ Kh8 48. Rxd6 Qf1+ 49. Ka2 Qc4+ 50. Qb3 Qc5 51. Qb8+ Kg7 52.
Qb7+ Kg8 53. Rd8+ Qf8 54. Qg2+ Kh7 55. Rxf8 1-0

[Event "Eesti mv 2003"]
[Site "?"]
[Date "2003.05.17"]
[Round "1.1"]
[White "Bashkite, Viktoria"]
[Black "Krupenski, Igor"]
[Result "0-1"]
[WhiteElo "2128"]
[BlackElo "2318"]
[PlyCount "106"]

1. c4 e6 2. Nc3 d5 3. Nf3 Nf6 4. g3 d4 5. Nb5 c5 6. d3 Nc6 7. Bf4 Qa5+ 8. Qd2
Qxd2+ 9. Kxd2 Kd7 10. Bh3 Nh5 11. Ne5+ Nxe5 12. Bxe5 f6 13. Bg4 fxe5 14. Bxh5
a6 15. Na3 Rb8 16. Bf3 Be7 17. h4 b5 18. cxb5 axb5 19. Rac1 Bb7 20. Bxb7 Rxb7
21. Nc2 c4 22. a3 Rc8 23. Ne1 c3+ 24. bxc3 Bxa3 25. Ra1 Bb2 26. Ra6 Bxc3+ 27.
Kd1 Bxe1 28. Rxe1 Rcc7 29. Kd2 b4 30. Rb1 b3 31. Rb2 Rb5 32. Ra4 Rcb7 33. f4
Kd6 34. fxe5+ Kxe5 35. e3 dxe3+ 36. Kxe3 Rb4 37. Ra5+ R7b5 38. Ra7 Rg4 39. Kf3
h5 40. Ra3 Rgb4 41. Ke3 Kd5 42. Ra7 Rg4 43. Kd2 Rxg3 44. Kc3 g6 45. Rd7+ Kc6
46. Rd4 e5 47. Ra4 Kd5 48. Re4 Rg4 49. Rc4 Rc5 50. Rxc5+ Kxc5 51. Re2 Kd5 52.
Rh2 Rg3 53. Rb2 e4 0-1

[Event "Eesti mv 2003"]
[Site "?"]
[Date "2003.05.17"]
[Round "1.1"]
[White "Shlõkov, V.."]
[Black "Kärner, Hillar"]
[Result "1/2-1/2"]
[WhiteElo "2133"]
[BlackElo "2312"]
[PlyCount "135"]

1. e4 e6 2. d4 d5 3. Nc3 Bb4 4. e5 b6 5. a3 Bf8 6. Nf3 Ba6 7. Be2 Qd7 8. O-O
Ne7 9. Bf4 Ng6 10. Bg3 Bxe2 11. Qxe2 Nc6 12. Rad1 Be7 13. Rfe1 Na5 14. Nd2 Qc6
15. Qe3 O-O 16. f4 b5 17. b4 Nc4 18. Nxc4 Qxc4 19. Qd3 Rfb8 20. f5 Qxd3 21.
cxd3 Nf8 22. Rc1 a5 23. f6 gxf6 24. exf6 Bxf6 25. Bxc7 Bxd4+ 26. Kf1 axb4 27.
axb4 Rb7 28. Bd6 Ng6 29. Bc5 Bf6 30. d4 Ra3 31. Ne2 Rb8 32. Ra1 Rba8 33. Rxa3
Rxa3 34. Rc1 Bg5 35. Rc2 Ra1+ 36. Kf2 Ne7 37. Nc3 Nf5 38. Re2 Rh1 39. Nxb5 Rxh2
40. Nd6 Nh4 41. Kg3 Rh1 42. b5 Rb1 43. b6 Ng6 44. Kf2 Bf4 45. Ne8 Bh2 46. g3
Bg1+ 47. Kg2 e5 48. b7 Bxd4 49. Bxd4 Rxb7 50. Bxe5 Re7 51. Nf6+ Kg7 52. Ng4+
Nxe5 53. Rxe5 Rxe5 54. Nxe5 Kf6 55. Nd3 Kf5 56. Kf3 Kg5 57. Nf2 Kf5 58. Nh3 d4
59. Nf4 Kg5 60. Nd3 Kf5 61. Nf4 Kg5 62. Nd3 Kf5 63. Nc5 Kg5 64. Ne4+ Kf5 65.
g4+ Kg6 66. Kf4 d3 67. Ke3 f5 68. gxf5+ 1/2-1/2

[Event "Eesti mv 2003"]
[Site "?"]
[Date "2003.05.17"]
[Round "1.1"]
[White "Vooremaa, Andres"]
[Black "Kolk, Marek"]
[Result "1-0"]
[WhiteElo "2300"]
[BlackElo "2134"]
[PlyCount "101"]

1. Nf3 Nf6 2. g3 g6 3. Bg2 Bg7 4. O-O O-O 5. d3 c5 6. e4 d6 7. h3 Nc6 8. Be3
Bd7 9. Nbd2 b5 10. Nh4 e5 11. a4 b4 12. Nc4 Qe7 13. Nf3 h6 14. Nfd2 Rad8 15. f4
Nh5 16. Kh2 exf4 17. gxf4 Nd4 18. Nf3 Nxf3+ 19. Bxf3 Qh4 20. Bxh5 Qxh3+ 21. Kg1
Qg3+ 22. Kh1 gxh5 23. Qf3 Qh4+ 24. Kg2 Kh7 25. Rh1 Qg4+ 26. Kf2 Qxf3+ 27. Kxf3
Bg4+ 28. Kf2 f5 29. e5 dxe5 30. fxe5 Rd5 31. Bf4 Re8 32. a5 b3 33. Ke3 bxc2 34.
Kd2 Red8 35. Kxc2 Rxd3 36. b3 R3d4 37. Be3 Re4 38. Bxc5 Bxe5 39. Nxe5 Rxe5 40.
Bxa7 Bf3 41. Rh2 Be4+ 42. Kb2 Rb5 43. Ra4 Rd3 44. b4 Bc6 45. Rc2 Bd7 46. a6 Be6
47. Bc5 Rd8 48. a7 Ra8 49. Ra6 Bd5 50. Rd2 Be4 51. Rd7+ 1-0

[Event "Eesti mv 2003"]
[Site "?"]
[Date "2003.05.17"]
[Round "1.1"]
[White "Vassiljev, Igor"]
[Black "Sööt, Margus"]
[Result "0-1"]
[WhiteElo "2292"]
[BlackElo "2147"]
[PlyCount "106"]

1. c4 Nf6 2. Nf3 e6 3. g3 b6 4. Bg2 Bb7 5. O-O Be7 6. b3 O-O 7. Bb2 c5 8. Nc3
d6 9. e3 Nbd7 10. Qe2 Rc8 11. Rac1 Qc7 12. Rfd1 Qb8 13. d4 Qa8 14. Ne1 Bxg2 15.
Nxg2 cxd4 16. exd4 Rfe8 17. Ne3 Bf8 18. Qf1 a6 19. Qg2 Qb8 20. a4 Red8 21. Ba3
Ne8 22. Na2 Qa7 23. b4 Rc7 24. Rd2 Rdc8 25. Rdc2 g6 26. Nc3 Bg7 27. d5 e5 28.
Ne4 Bf8 29. Qf1 Nef6 30. Nd2 Bh6 31. Qd3 Kg7 32. Nb3 e4 33. Qe2 Ne5 34. Bb2
Bxe3 35. fxe3 Nfd7 36. a5 Kg8 37. Bd4 Nf3+ 38. Kg2 Nxd4 39. Nxd4 Ne5 40. b5
bxa5 41. Nc6 Qc5 42. Rb1 Nd3 43. b6 Rb7 44. Ra2 Kf8 45. Nxa5 Rxb6 46. Rxb6 Qxb6
47. Nc6 Kg7 48. Qd2 Qb1 49. Rxa6 Kh6 50. Ra7 Ne1+ 51. Kh3 Nf3 52. Qf2 f5 53.
Nd4 Qh1 {valged ueletasid aja.} 0-1

[Event "Eesti mv 2003"]
[Site "?"]
[Date "2003.05.17"]
[Round "1.1"]
[White "Sõskov, Vjatsheslav"]
[Black "Neff, Sergei"]
[Result "0-1"]
[WhiteElo "2153"]
[BlackElo "2290"]
[PlyCount "68"]

1. e4 c5 2. Nf3 Nc6 3. Bb5 g6 4. O-O Bg7 5. Re1 Nf6 6. e5 Nd5 7. Nc3 Nc7 8.
Bxc6 dxc6 9. h3 O-O 10. b3 b6 11. Bb2 Ne6 12. d3 Qc7 13. Qd2 Nd4 14. Nxd4 cxd4
15. Ne2 Bxe5 16. Bxd4 Bxd4 17. Nxd4 Bb7 18. Qg5 Rae8 19. Qe5 Qd7 20. a4 c5 21.
Nb5 Bc6 22. Re2 e6 23. Qf6 a6 24. Na3 b5 25. axb5 axb5 26. Nb1 Qd5 27. f4 e5
28. Ra5 Re6 29. Qg5 h6 30. Qg4 f5 31. Qh4 exf4 32. Nc3 Qd4+ 33. Kh2 f3 34. Qxd4
fxe2 0-1

[Event "Eesti mv 2003"]
[Site "?"]
[Date "2003.05.17"]
[Round "1.1"]
[White "Kovaljov, Deniss"]
[Black "Siemer, Tambet"]
[Result "1/2-1/2"]
[WhiteElo "2289"]
[BlackElo "2155"]
[PlyCount "92"]

1. d4 Nf6 2. Nf3 e6 3. Bg5 d5 4. e3 Nbd7 5. Nbd2 Be7 6. Bd3 b6 7. O-O Bb7 8.
Ne5 Nxe5 9. dxe5 Nd7 10. Bf4 Nc5 11. Bb5+ c6 12. Be2 Qc7 13. c4 Ne4 14. cxd5
cxd5 15. Rc1 Qd8 16. Nxe4 dxe4 17. Qa4+ Kf8 18. Rfd1 Bd5 19. Bc4 g5 20. Bxd5
exd5 21. Bg3 Kg7 22. Qd4 Rc8 23. Rxc8 Qxc8 24. Qxd5 Rd8 25. Qb3 Rd3 26. Rxd3
exd3 27. Qxd3 Qc1+ 28. Qf1 Qxb2 29. Qd1 Qxa2 30. h4 h6 31. hxg5 hxg5 32. f4 Qa3
33. f5 Qxe3+ 34. Kh2 Bc5 35. Qh5 a5 36. e6 fxe6 37. Qg6+ Kf8 38. fxe6 Qg1+ 39.
Kh3 Qh1+ 40. Bh2 g4+ 41. Qxg4 Qf1 42. Qe4 Qf6 43. Bg3 Qh6+ 44. Kg4 Qg7+ 45. Kh3
Qh6+ 46. Kg4 Qg7+ 1/2-1/2

[Event "Eesti mv 2003"]
[Site "?"]
[Date "2003.05.17"]
[Round "1.1"]
[White "Jeremejev, Artjom"]
[Black "Jänes, Taivo"]
[Result "0-1"]
[WhiteElo "2155"]
[BlackElo "2276"]
[PlyCount "66"]

1. e4 c5 2. Nf3 g6 3. d4 cxd4 4. Nxd4 Bg7 5. Be3 Nc6 6. Nc3 Nf6 7. f3 O-O 8.
Qd2 d5 9. O-O-O dxe4 10. Nxc6 Qxd2+ 11. Rxd2 bxc6 12. fxe4 Ng4 13. Nd1 Be6 14.
Bf4 a5 15. a3 Ra7 16. Be2 Ne5 17. Ne3 Rb7 18. c3 Nd7 19. Nc4 Ra8 20. Rhd1 h5
21. Be3 a4 22. h3 Kh7 23. Bd3 Bh6 24. Bxh6 Kxh6 25. Ne3 Nc5 26. Re2 Rd8 27. Bc2
Rxd1+ 28. Nxd1 Rd7 29. Rd2 Kg5 30. Rd4 Kf4 31. e5+ Kxe5 32. Bxa4 Nxa4 33. Rxa4
Rxd1+ 0-1

[Event "Eesti mv 2003"]
[Site "?"]
[Date "2003.05.17"]
[Round "1.1"]
[White "Kuusk, Andres"]
[Black "Kortshagin, Oleg"]
[Result "0-1"]
[WhiteElo "2162"]
[BlackElo "2252"]
[PlyCount "58"]

1. e4 g6 2. d4 d6 3. Nc3 Bg7 4. Be3 c6 5. Qd2 b5 6. Nf3 Nf6 7. a3 Ng4 8. Bg5 h6
9. Bf4 g5 10. Bg3 Nf6 11. h3 a6 12. Bd3 Nh5 13. Bh2 Nd7 14. g4 Nhf6 15. e5 dxe5
16. dxe5 Nd5 17. e6 fxe6 18. Bg6+ Kf8 19. Nd4 Bxd4 20. Qxd4 N7f6 21. O-O-O Kg7
22. Be4 Bb7 23. h4 Qb6 24. Qe5 Qxf2 25. Bxd5 cxd5 26. hxg5 hxg5 27. Qxg5+ Kf7
28. Be5 Rag8 29. Rhf1 Rxg5 0-1

[Event "Eesti mv 2003"]
[Site "?"]
[Date "2003.05.17"]
[Round "1.1"]
[White "Jemeljanov, Anatoli"]
[Black "Garber, Vjatseslav"]
[Result "0-1"]
[WhiteElo "2174"]
[BlackElo "2241"]
[PlyCount "100"]

1. e4 e5 2. Nf3 Nf6 3. Nc3 Nc6 4. Bb5 d6 5. d4 exd4 6. Nxd4 Bd7 7. O-O Be7 8.
Nxc6 bxc6 9. Bc4 O-O 10. h3 Be6 11. Qe2 Qd7 12. Be3 Rfb8 13. b3 Ne8 14. Rad1
Bf6 15. Bd4 Qe7 16. Kh1 Rb4 17. Bxe6 Bxd4 18. a3 Qxe6 19. Nb1 Rbb8 20. Rxd4 Nf6
21. Nc3 Re8 22. Qc4 c5 23. Qxe6 Rxe6 24. Ra4 a6 25. f3 Ree8 26. Rd1 Ra7 27. Kh2
Kf8 28. Rd2 a5 29. Nb5 Rb7 30. Rxa5 Nd7 31. a4 Ne5 32. Ra6 Ke7 33. f4 Ng6 34.
Kg3 f6 35. Rc6 Kd7 36. Rxc5 Rxe4 37. h4 Rb4 38. h5 Ne7 39. Rc3 Nf5+ 40. Kf3 g6
41. hxg6 hxg6 42. g4 Ng7 43. Rh2 Ne6 44. Rh7+ Ke8 45. Rh8+ Kd7 46. Rh7+ Ke8 47.
Rc4 Rxc4 48. bxc4 Rb6 49. f5 gxf5 50. gxf5 Ng5+ 0-1

[Event "Eesti mv 2003"]
[Site "?"]
[Date "2003.05.17"]
[Round "1.1"]
[White "Lelumees, Brait"]
[Black "Peleshev, Leonid"]
[Result "0-1"]
[WhiteElo "2239"]
[BlackElo "2176"]
[PlyCount "90"]

1. c4 e5 2. Nc3 Nf6 3. g3 Bb4 4. Nf3 Nc6 5. Bg2 O-O 6. Nd5 Nxd5 7. cxd5 Nd4 8.
a3 Nxf3+ 9. Bxf3 Bc5 10. b4 Bb6 11. Bb2 d6 12. d4 exd4 13. Bxd4 Bh3 14. e3 Qd7
15. Rg1 f5 16. a4 Rae8 17. a5 Bxd4 18. Qxd4 a6 19. Rc1 Re5 20. Rc4 g5 21. Kd2
Bg4 22. Bg2 Re4 23. Bxe4 fxe4 24. Ke1 Qf7 25. Rc2 Qf3 26. h4 h6 27. Rd2 Rf7 28.
hxg5 hxg5 29. Qc3 Re7 30. Qc4 Rf7 31. Qf1 Qf6 32. Rd4 c5 33. dxc6 bxc6 34. f4
c5 35. Rc4 Qa1+ 36. Kd2 Qb2+ 37. Ke1 Qb1+ 38. Kd2 Qb2+ 39. Ke1 Be6 40. Kd1 Bxc4
41. Qxc4 Qb1+ 42. Qc1 Qxb4 43. Rg2 Rh7 44. Qd2 Rh1+ 45. Ke2 Qc4+ 0-1

[Event "Eesti mv 2003"]
[Site "?"]
[Date "2003.05.17"]
[Round "1.1"]
[White "Vaher, Andres"]
[Black "Kukk, Raul"]
[Result "1/2-1/2"]
[WhiteElo "2184"]
[BlackElo "2233"]
[PlyCount "55"]

1. e4 c5 2. Nf3 d6 3. d4 cxd4 4. Nxd4 Nf6 5. Nc3 a6 6. Be3 Ng4 7. Bg5 h6 8. Bh4
g5 9. Bg3 Bg7 10. h3 Ne5 11. f3 Nbc6 12. Bf2 Be6 13. Qd2 Qa5 14. a3 Rc8 15.
O-O-O b5 16. Nd5 Qxd2+ 17. Rxd2 Nxd4 18. Bxd4 Bxd5 19. exd5 Bf6 20. a4 Rb8 21.
axb5 axb5 22. b3 b4 23. Kb2 Nd7 24. Bxf6 Nxf6 25. Bc4 O-O 26. Ra1 Rb7 27. Re2
Rfb8 28. Rae1 1/2-1/2

[Event "Eesti mv 2003"]
[Site "?"]
[Date "2003.05.17"]
[Round "1.1"]
[White "Elmaste, Gert"]
[Black "Sabinov, Aleksander"]
[Result "0-1"]
[WhiteElo "2230"]
[BlackElo "2187"]
[PlyCount "80"]

1. e4 g6 2. d4 Bg7 3. c3 d6 4. f4 Nf6 5. e5 dxe5 6. fxe5 Nd5 7. Nf3 O-O 8. Bc4
c6 9. O-O Nd7 10. Qe1 N7b6 11. Bb3 Bg4 12. Qh4 Bxf3 13. Rxf3 e6 14. Bg5 f6 15.
exf6 Bxf6 16. Bxf6 Rxf6 17. Rxf6 Nxf6 18. Bxe6+ Kg7 19. Nd2 Qd6 20. Bb3 Re8 21.
Re1 Rxe1+ 22. Qxe1 Nbd7 23. Nf3 c5 24. h3 b6 25. Qe2 cxd4 26. Nxd4 Nc5 27. Qc4
Qf4 28. Qf7+ Kh6 29. Qf8+ Kh5 30. Bd1+ Kh4 31. Qe7 Nce4 32. Nf3+ Kg3 33. Qe5
Nd5 34. Bc2 Qxe5 35. Nxe5 Nd2 36. Nc6 Ne3 37. Bd3 Nxg2 38. Nxa7 Nf4 39. Bf1
Nf3+ 40. Kh1 Kf2 0-1

[Event "Eesti mv 2003"]
[Site "?"]
[Date "2003.05.17"]
[Round "1.1"]
[White "Kuusk, Indrek"]
[Black "Gogin, Ruslan"]
[Result "1-0"]
[WhiteElo "2205"]
[BlackElo "2230"]
[PlyCount "77"]

1. d4 Nf6 2. c4 e6 3. Nf3 Bb4+ 4. Nbd2 O-O 5. a3 Bxd2+ 6. Qxd2 d5 7. e3 b6 8.
cxd5 Qxd5 9. Qc2 Bb7 10. Bc4 Qd6 11. Qe2 Nbd7 12. O-O Rae8 13. Rd1 Kh8 14. Bd2
a5 15. b4 Ne4 16. bxa5 Nxd2 17. Qxd2 f5 18. axb6 Nxb6 19. Bb5 Ra8 20. Qb4 Qd8
21. Be2 f4 22. a4 fxe3 23. fxe3 Be4 24. a5 Nd5 25. Qd2 Qf6 26. Kh1 Qh6 27. Ra3
Rf5 28. Bd3 Nf6 29. Bxe4 Nxe4 30. Qc2 Nf6 31. Qxc7 Ng4 32. Re1 e5 33. Qc2 e4
34. h3 Rxf3 35. Kg1 Rxe3 36. Rexe3 Nxe3 37. Qxe4 Rf8 38. Qxe3 Qf6 39. Ra1 1-0

[Event "Eesti mv 2003"]
[Site "?"]
[Date "2003.05.17"]
[Round "1.1"]
[White "Karjakin, Sergei"]
[Black "Pärnits, Rauno"]
[Result "1/2-1/2"]
[WhiteElo "2228"]
[BlackElo "2207"]
[PlyCount "74"]

1. e4 e5 2. Nf3 Nf6 3. Nxe5 d6 4. Nf3 Nxe4 5. d4 d5 6. Bd3 Be7 7. O-O O-O 8. c4
c6 9. cxd5 cxd5 10. Nc3 Nxc3 11. bxc3 Nc6 12. Rb1 Qc7 13. Re1 b6 14. Qc2 h6 15.
h3 Bb7 16. Bd2 Rad8 17. Re2 Bd6 18. Rbe1 Bf4 19. Bxf4 Qxf4 20. Ne5 Nxe5 21.
Rxe5 Bc6 22. a4 Rfe8 23. Bb5 Rxe5 24. Rxe5 Qf6 25. Qe2 Kf8 26. Qg4 a6 27. Bxa6
Bxa4 28. Bd3 Bd7 29. Bf5 Bxf5 30. Qxf5 Qxf5 31. Rxf5 Ke7 32. Kf1 Ke6 33. Rf3
Rc8 34. Ke2 f6 35. Kd3 Kd6 36. Re3 Kd7 37. Re2 Rc4 1/2-1/2

[Event "Eesti mv 2003"]
[Site "?"]
[Date "2003.05.17"]
[Round "1.1"]
[White "Vaher, Eino"]
[Black "Luik, Helmut"]
[Result "1/2-1/2"]
[WhiteElo "2225"]
[BlackElo "2227"]
[PlyCount "71"]

1. e4 e5 2. Nf3 Nc6 3. d4 exd4 4. Nxd4 Bc5 5. Be3 Qf6 6. c3 Nge7 7. Nc2 Bb6 8.
Bxb6 axb6 9. Nba3 O-O 10. Ne3 Rxa3 11. Ng4 Qg6 12. bxa3 d5 13. Ne3 dxe4 14. Be2
f5 15. f4 Qf6 16. Qb3+ Kh8 17. O-O-O Be6 18. Qb2 Ra8 19. Bc4 Na5 20. Bxe6 Qxe6
21. Rd2 h6 22. Rhd1 Kh7 23. g3 Nec6 24. Rd7 Nc4 25. Nxc4 Qxc4 26. Qb3 Qc5 27.
R1d5 Qg1+ 28. Kb2 Ra5 29. Rd1 Qc5 30. R1d5 Qf2+ 31. Rd2 Qf1 32. c4 e3 33. Qc3
Ne5 34. fxe5 exd2 35. Rxd2 Qe1 36. Rd5 1/2-1/2

[Event "Eesti mv 2003"]
[Site "?"]
[Date "2003.05.17"]
[Round "1.2"]
[White "Tihhontshuk, Aleksei"]
[Black "Sepp, Olav"]
[Result "0-1"]
[WhiteElo "1872"]
[BlackElo "2456"]
[PlyCount "34"]

1. d4 Nf6 2. c4 g6 3. Nc3 Bg7 4. e4 d6 5. f3 O-O 6. Be3 c5 7. d5 e6 8. Bd3 exd5
9. cxd5 Nbd7 10. Nge2 a6 11. a4 Rb8 12. O-O Ne5 13. Bc2 b5 14. axb5 axb5 15.
Rb1 b4 16. Na4 Bd7 17. Qc1 b3 0-1

[Event "Eesti mv 2003"]
[Site "?"]
[Date "2003.05.17"]
[Round "1.2"]
[White "Vassiljev, Sergei"]
[Black "Seeman, Tarvo"]
[Result "0-1"]
[WhiteElo "2010"]
[BlackElo "2450"]
[PlyCount "136"]

1. d4 Nf6 2. c4 g6 3. Nc3 Bg7 4. e4 d6 5. f3 c6 6. Be3 a6 7. g4 b5 8. h4 h5 9.
gxh5 Nxh5 10. Nce2 bxc4 11. Qd2 a5 12. O-O-O Na6 13. Nh3 Nb4 14. Kb1 Rb8 15.
Nhf4 Nd3 16. Nxd3 cxd3 17. Qxd3 Qb6 18. Qd2 a4 19. Rh2 Ba6 20. Nc3 Bxf1 21.
Rxf1 O-O 22. Rg2 Qa6 23. Rd1 Rb7 24. Qd3 Qxd3+ 25. Rxd3 Ra8 26. Nd1 Bf6 27. Rg4
Kf8 28. f4 e6 29. e5 Be7 30. Rc3 Ra6 31. Nf2 d5 32. Nd3 Ke8 33. Rg2 Kd7 34. Bf2
Rb5 35. Be1 Ng7 36. Nc5+ Bxc5 37. Rxc5 Nf5 38. Rxb5 cxb5 39. Bf2 Rc6 40. Rg1
Ke7 41. Rd1 Rc4 42. Rd3 Kf8 43. b3 axb3 44. axb3 Rc8 45. Kb2 Kg7 46. Rh3 Kh6
47. Rc3 Rh8 48. Rc7 Kg7 49. Rb7 Nxh4 50. Bxh4 Rxh4 51. Rxb5 Rxf4 52. Kc3 g5 53.
Ra5 Rf3+ 54. Kc2 Kg6 55. b4 g4 56. Ra1 f6 57. b5 fxe5 58. dxe5 Rf8 59. Kd3 Rb8
60. Rf1 Kg5 61. Rf6 Rb6 62. Ke3 Rxb5 63. Rxe6 Rb4 64. Re8 Re4+ 65. Kf2 Kf5 66.
e6 Rxe6 67. Rd8 Ke4 68. Kg3 Rg6 0-1

[Event "Eesti mv 2003"]
[Site "?"]
[Date "2003.05.17"]
[Round "1.2"]
[White "Shevtshenko, Robert"]
[Black "Kleemeier, Enn"]
[Result "1-0"]
[WhiteElo "2396"]
[BlackElo "2042"]
[PlyCount "85"]

1. e4 e5 2. Nf3 Nc6 3. Bb5 Nge7 4. c3 d6 5. d4 Bd7 6. O-O Ng6 7. Na3 Be7 8. Nc2
O-O 9. dxe5 dxe5 10. Ne3 a6 11. Ba4 Qe8 12. Nd5 Bd6 13. Be3 Nce7 14. Nxc7 Bxc7
15. Bxd7 Qb8 16. Qb3 h6 17. Rfd1 Kh8 18. Bc5 b6 19. Ba3 Qb7 20. Bf5 Rfe8 21.
Qxf7 Rf8 22. Qb3 Nxf5 23. exf5 Rxf5 24. Qd5 Qa7 25. Qe4 Rf6 26. Rd7 Re8 27.
Rad1 Qb8 28. Nh4 Nxh4 29. Qxh4 Rg6 30. Qe4 Ree6 31. g3 Bd6 32. Rd5 Bc7 33. Qc4
Rc6 34. Qxa6 e4 35. Qe2 Rce6 36. Rf5 Re8 37. Re7 Rxe7 38. Bxe7 Qb7 39. Qc4 Kh7
40. Rf8 Rd6 41. Bxd6 Bxd6 42. Qg8+ Kg6 43. Qe6+ 1-0

[Event "Eesti mv 2003"]
[Site "?"]
[Date "2003.05.17"]
[Round "1.2"]
[White "Jõgi, Jakob"]
[Black "Shvõrjov, Igor"]
[Result "0-1"]
[WhiteElo "2048"]
[BlackElo "2393"]
[PlyCount "86"]

1. e4 g6 2. d4 Bg7 3. c4 Nc6 4. Be3 d6 5. Nc3 Nf6 6. f3 a6 7. Qd2 e5 8. d5 Nd4
9. Bxd4 exd4 10. Qxd4 O-O 11. Qd2 Re8 12. Bd3 c6 13. Nge2 Qb6 14. O-O-O Nd7 15.
h4 Ne5 16. h5 cxd5 17. cxd5 Bd7 18. hxg6 hxg6 19. Kb1 Rac8 20. Qg5 Nc4 21. Bxc4
Rxc4 22. Ka1 Rec8 23. Rc1 Qb4 24. Qd2 R4c5 25. a3 Ra5 26. Rhd1 Qb6 27. Ka2 Rac5
28. g4 Rc4 29. Nb1 Ba4 30. Rxc4 Rxc4 31. Rc1 Qb3+ 32. Ka1 Rxc1 33. Qxc1 Qxf3
34. Qc8+ Kh7 35. Nec3 Bxc3 36. Nxc3 Bb3 37. g5 Kg7 38. Nb1 b5 39. Qc3+ Qxc3 40.
Nxc3 Bc2 41. b4 f6 42. gxf6+ Kxf6 43. Kb2 Bd3 0-1

[Event "Eesti mv 2003"]
[Site "?"]
[Date "2003.05.17"]
[Round "1.2"]
[White "Zavoronkov, Vladimir"]
[Black "Volodin, Aleksandr"]
[Result "1-0"]
[WhiteElo "2387"]
[BlackElo "2057"]
[PlyCount "87"]

1. e4 c5 2. Nf3 Nc6 3. Bb5 Qb6 4. Nc3 d6 5. O-O e5 6. Nd5 Qd8 7. c3 a6 8. Ba4
b5 9. Bc2 Be7 10. a4 Bb7 11. axb5 axb5 12. Rxa8 Bxa8 13. Qe2 c4 14. b3 Na5 15.
b4 Nc6 16. d3 Nf6 17. dxc4 bxc4 18. Qxc4 O-O 19. Be3 Nxd5 20. exd5 Nb8 21. Ra1
Nd7 22. Qb5 Nf6 23. c4 Qb8 24. Qxb8 Rxb8 25. Ra7 Bf8 26. h3 Rc8 27. Bf5 Rb8 28.
Bg5 Ne8 29. Bd7 h6 30. Bxe8 Rxe8 31. Bd2 g6 32. b5 Bg7 33. Be3 Rb8 34. Rd7 Bf8
35. Nd2 Rc8 36. b6 Rb8 37. Ne4 Bb7 38. Nxd6 Bxd6 39. Rxd6 Kf8 40. Bxh6+ Ke7 41.
c5 f6 42. Bg7 Rc8 43. Bxf6+ Kf7 44. c6 1-0